[Event "CAMPEONATO DE EUSKADI JUVENIL / EIBAR -2019"]
[Site "CENTRO UNIVERSITARIO DE EIBAR"]
[Date "2019.04.23"]
[Round "1"]
[Board "1"]
[White "Moreno Estebanez, Patxi"]
[Black "Zoco Gallardo, Ignacio"]
[Result "1-0"]
[WhiteElo "2153"]
[BlackElo "1771"]
[PlyCount "71"]
[EventDate "2019.04.23"]
[EventRounds "7"]
[EventCountry "ESP"]

1. Nf3 Nf6 2. b3 e6 3. Bb2 b6 4. e3 Bb7 5. c4 Be7 6. Nc3 O-O 7. Be2 d6 8. d4
Nbd7 9. Qc2 c5 10. O-O a6 11. Rad1 Qc7 12. a4 Rfd8 13. d5 e5 14. Bd3 g6 15. Nd2
Rf8 16. e4 Nh5 17. Ne2 Bf6 18. g3 Bg7 19. f4 Rae8 20. f5 Nhf6 21. h3 g5 22. Bc1
h6 23. Nf3 Nh7 24. Kg2 f6 25. Nh2 a5 26. Nc3 Nb8 27. Be2 Rc8 28. Bh5 Bh8 29.
Ng4 Bg7 30. Rh1 Qe7 31. Rh2 Ba6 32. Rdh1 Nd7 33. Bg6 Rcd8 34. h4 Rfe8 35. Bxh7+
Kxh7 36. hxg5  1-0

[Event "CAMPEONATO DE EUSKADI JUVENIL / EIBAR -2019"]
[Site "CENTRO UNIVERSITARIO DE EIBAR"]
[Date "2019.04.23"]
[Round "1"]
[Board "2"]
[White "Pomares Munoz, Ruben"]
[Black "Toledo Sanz, Imanol"]
[Result "0-1"]
[WhiteElo "1662"]
[BlackElo "2142"]
[PlyCount "168"]
[EventDate "2019.04.23"]
[EventRounds "7"]
[EventCountry "ESP"]

1. e4 c5 2. Nc3 e6 3. f4 Nc6 4. Nf3 d5 5. Bb5 Nge7 6. exd5 exd5 7. Qe2 Bg4 8.
Bxc6+ bxc6 9. O-O f6 10. b3 Bxf3 11. Rxf3 Kf7 12. Na4 Nf5 13. c3 Qa5 14. g4 Nd6
15. d3 Re8 16. Re3 Be7 17. Qc2 h5 18. Rg3 hxg4 19. Rxg4 Nf5 20. Qg2 g6 21. Bd2
Nh4 22. Qf2 Nf5 23. Qg2 Qd8 24. Re1 Rh6 25. Qe2 Qd7 26. c4 Nd4 27. Qd1 Reh8 28.
Rg2 Nf5 29. Qg4 Qd8 30. Bc3 Qd6 31. Bd2 d4 32. Nb2 Qd8 33. Nd1 Qe8 34. Nf2 Nh4
35. Qe2 Qd7 36. Rg3 Nf5 37. Rg2 Ra8 38. Ne4 a5 39. Ng3 Nxg3 40. Rxg3 f5 41. Rb1
Bd6 42. Qg2 Qc7 43. Rf1 Rah8 44. h3 Re8 45. Qf3 Re6 46. Qd1 Rh8 47. Rgf3 Rhe8
48. R3f2 Bf8 49. Qc1 a4 50. Re1 Qa7 51. Rxe6 Rxe6 52. Qa3 Re8 53. Qxa4 Qxa4 54.
bxa4 Ra8 55. a5 Bd6 56. Rf1 Bc7 57. Rb1 Bxa5 58. Bxa5 Rxa5 59. Rb2 Ra3 60. Rd2
Kg7 61. Kf2 Kh6 62. h4 Kh5 63. Kg3 Rc3 64. Kf3 Rc1 65. Rb2 Re1 66. Rb8 Re3+ 67.
Kf2 Rxd3 68. a4 Ra3 69. Ra8 Kg4 70. a5 Kxf4 71. a6 Ra2+ 72. Ke1 Ke3 73. Kd1 Kd3
74. Kc1 Kxc4 75. a7 d3 76. Kb1 Ra6 77. Kb2 f4 78. Rf8 Rxa7 79. Rxf4+ Kd5 80.
Kc3 Ra3+ 81. Kb2 d2 82. Kc2 Ra2+ 83. Kd1 c4 84. Ke2 c3  0-1

[Event "CAMPEONATO DE EUSKADI JUVENIL / EIBAR -2019"]
[Site "CENTRO UNIVERSITARIO DE EIBAR"]
[Date "2019.04.23"]
[Round "1"]
[Board "3"]
[White "Tafall Villanueva, Ander"]
[Black "Berasategui Morillo, Alberto"]
[Result "1-0"]
[WhiteElo "1954"]
[BlackElo "1646"]
[PlyCount "123"]
[EventDate "2019.04.23"]
[EventRounds "7"]
[EventCountry "ESP"]

1. e4 e6 2. d4 d5 3. exd5 exd5 4. Bd3 Bd6 5. Ne2 Nc6 6. c3 Nge7 7. Bf4 Bf5 8.
O-O O-O 9. Qc2 Bxd3 10. Qxd3 Ng6 11. Bxd6 Qxd6 12. f4 f5 13. Nd2 Rae8 14. g3
Nge7 15. Nf3 Qh6 16. Kg2 Nc8 17. Ne5 Nd6 18. Ng1 Ne4 19. Ngf3 Qh5 20. c4 Nxe5
21. dxe5 dxc4 22. Qxc4+ Kh8 23. Rad1 g5 24. Nxg5 Nxg5 25. fxg5 Rxe5 26. Qd4
Qe2+ 27. Rf2 Qe4+ 28. Qxe4 Rxe4 29. Rdf1 Re5 30. g4 f4 31. Rxf4 Rxf4 32. Rxf4
Rxg5 33. Kg3 Kg8 34. Rd4 Kf8 35. h4 Re5 36. Kf4 Re2 37. Rd7 Rxb2 38. Rxc7 Rf2+
39. Kg5 Rf7 40. Rc8+ Kg7 41. Kh5 Rf6 42. g5 Rc6 43. Rd8 Rc7 44. Rd4 b5 45. Rd5
Rb7 46. Kg4 a5 47. h5 Kf7 48. Kf5 a4 49. a3 b4 50. axb4 Rxb4 51. Ra5 Rh4 52.
Ra7+ Kg8 53. h6 Rb4 54. Ra8+ Kf7 55. Rh8 Rb5+ 56. Kg4 Kg6 57. Rg8+ Kf7 58. Rg7+
Kf8 59. Rxh7 Ra5 60. g6 a3 61. g7+ Kf7 62. Rh8  1-0

[Event "CAMPEONATO DE EUSKADI JUVENIL / EIBAR -2019"]
[Site "CENTRO UNIVERSITARIO DE EIBAR"]
[Date "2019.04.23"]
[Round "1"]
[Board "4"]
[White "Duo Iruretagoyena, Aitor"]
[Black "De Las Heras Figueroa, Rodrigo"]
[Result "0-1"]
[WhiteElo "1507"]
[BlackElo "1918"]
[PlyCount "70"]
[EventDate "2019.04.23"]
[EventRounds "7"]
[EventCountry "ESP"]

1. d4 c6 2. c4 Nf6 3. Nc3 d5 4. Nf3 dxc4 5. a4 Bf5 6. Bf4 e6 7. e3 Bb4 8. Bxc4
Nd5 9. Qb3 Qa5 10. Bxd5 exd5 11. O-O Na6 12. Nb5 cxb5 13. Qxd5 bxa4 14. Qxb7
O-O 15. e4 Be6 16. Rfc1 Qb6 17. Qxb6 axb6 18. Rxa4 Rfc8 19. Rxc8+ Bxc8 20. Kf1
Bb7 21. e5 b5 22. Ra1 Nc7 23. Rxa8+ Bxa8 24. Ke2 Nd5 25. Bg3 h6 26. Nd2 Kf8 27.
f4 Ke7 28. Nb3 Ke6 29. Nc1 Kf5 30. Nd3 Ke4 31. Bf2 Nxf4+ 32. Nxf4 Kxf4 33. g3+
Ke4 34. Be3 Bd5 35. Bg1 Ba5  0-1

[Event "CAMPEONATO DE EUSKADI JUVENIL / EIBAR -2019"]
[Site "CENTRO UNIVERSITARIO DE EIBAR"]
[Date "2019.04.23"]
[Round "1"]
[Board "5"]
[White "Malon Insausti, Andres"]
[Black "Nichei, Anatoli"]
[Result "1-0"]
[WhiteElo "1854"]
[BlackElo "1463"]
[PlyCount "43"]
[EventDate "2019.04.23"]
[EventRounds "7"]
[EventCountry "ESP"]

1. Nf3 Nc6 2. c4 e5 3. Nc3 Nf6 4. d3 Bc5 5. g3 d6 6. Bg2 Be6 7. O-O Qd7 8. a3
Ng4 9. b4 Bb6 10. Rb1 a6 11. Bd2 Ba7 12. a4 a5 13. bxa5 Nxa5 14. Ng5 Rb8 15.
Nb5 Bb6 16. Qe1 c6 17. Nxd6+ Qxd6 18. Rxb6 Nxc4 19. dxc4 Bxc4 20. Ne4 Qd4 21.
Rb4 c5 22. Bc3  1-0

[Event "CAMPEONATO DE EUSKADI JUVENIL / EIBAR -2019"]
[Site "CENTRO UNIVERSITARIO DE EIBAR"]
[Date "2019.04.23"]
[Round "1"]
[Board "6"]
[White "Palomo Tamayo, Jose Maria"]
[Black "Martin Ibisate, Xabier"]
[Result "0-1"]
[WhiteElo "1369"]
[BlackElo "1833"]
[PlyCount "70"]
[EventDate "2019.04.23"]
[EventRounds "7"]
[EventCountry "ESP"]

1. e4 c5 2. Nc3 e6 3. f4 d5 4. exd5 exd5 5. d4 Nf6 6. Nf3 Bg4 7. Be2 Nc6 8. Be3
Ne4 9. h3 Nxc3 10. bxc3 Be6 11. dxc5 Qa5 12. Qd3 Bxc5 13. O-O O-O-O 14. Ng5
Rhe8 15. f5 Bxe3+ 16. Qxe3 Bxf5 17. Qf2 Be6 18. Nxf7 Bxf7 19. Qxf7 Rxe2 20.
Qxg7 Re7 21. Qg4+ Kb8 22. Rf2 Qxc3 23. Raf1 Qd4 24. Qg3+ Qe5 25. Qa3 Qe3 26.
Qb2 Rf7 27. Qb5 Rxf2 28. Rxf2 Rf8 29. Qe2 Qxf2+ 30. Qxf2 Rxf2 31. Kxf2 Nb4 32.
Ke3 Nxc2+ 33. Kd3 Ne1+ 34. Kd4 Nxg2 35. a3 Kc7  0-1

[Event "CAMPEONATO DE EUSKADI JUVENIL / EIBAR -2019"]
[Site "CENTRO UNIVERSITARIO DE EIBAR"]
[Date "2019.04.23"]
[Round "1"]
[Board "7"]
[White "Pereira Lopez, Aketza"]
[Black "Apellaniz Perez, Estibaliz"]
[Result "1-0"]
[WhiteElo "1810"]
[BlackElo "1359"]
[PlyCount "69"]
[EventDate "2019.04.23"]
[EventRounds "7"]
[EventCountry "ESP"]

1. g3 Nc6 2. Bg2 d5 3. d3 Nf6 4. Nd2 Bg4 5. a3 e6 6. b4 Be7 7. Bb2 O-O 8. Ngf3
Rb8 9. O-O Bd6 10. c4 Re8 11. h3 Bh5 12. Rc1 Ne7 13. c5 Bxc5 14. Rxc5 Nc6 15.
Ne5 Nxe5 16. Bxe5 Rc8 17. Bxf6 Qxf6 18. Nf3 Bg6 19. Qc2 c6 20. b5 e5 21. Nh4
Bf5 22. Nxf5 Qxf5 23. bxc6 bxc6 24. Rxc6 Qd7 25. Rc1 Rb8 26. Rc7 Qe6 27. Qc5
Qa6 28. Bxd5 Rf8 29. Rxa7 Qf6 30. Qe7 Qxe7 31. Rxe7 h6 32. Rcc7 Rb6 33. Bxf7+
Kh7 34. Bd5 Kh8 35. Rxg7  1-0

[Event "CAMPEONATO DE EUSKADI JUVENIL / EIBAR -2019"]
[Site "CENTRO UNIVERSITARIO DE EIBAR"]
[Date "2019.04.23"]
[Round "1"]
[Board "8"]
[White "Ruiz Bonito, Imanol"]
[Black "Elexpe Garcia, Aritz Eder"]
[Result "0-1"]
[WhiteElo "1202"]
[BlackElo "1800"]
[PlyCount "79"]
[EventDate "2019.04.23"]
[EventRounds "7"]
[EventCountry "ESP"]

1. b3 d5 2. Bb2 Nf6 3. d3 Bf5 4. g3 Qd7 5. Bg2 Nc6 6. Nd2 e5 7. e3 Bd6 8. Ne2
Bh3 9. Bf3 O-O-O 10. d4 e4 11. Bxe4 dxe4 12. Nf4 Bxf4 13. gxf4 Bg4 14. f3 exf3
15. Nxf3 Qd5 16. Rf1 Rhe8 17. Qd3 Bxf3 18. c4 Qe4 19. Qxe4 Bxe4 20. O-O-O Ne7
21. Rg1 Bg6 22. d5 Nf5 23. Rde1 Rxe3 24. Kd2 Rxe1 25. Rxe1 Re8 26. Rf1 Ne4+ 27.
Kd3 Nfd6 28. Kd4 f6 29. Re1 Nf5+ 30. Kd3 Nc5+ 31. Kd2 Rxe1 32. Kxe1 Nd3+ 33.
Kf1 Nxb2 34. Kg2 Nd3 35. Kh3 a5 36. Kg4 Nb4 37. Kh3 Nxa2 38. Kg4 Nc1 39. Kh3
Nxb3 40. Kg4  0-1

[Event "CAMPEONATO DE EUSKADI JUVENIL / EIBAR -2019"]
[Site "CENTRO UNIVERSITARIO DE EIBAR"]
[Date "2019.04.24"]
[Round "2"]
[Board "1"]
[White "Martin Ibisate, Xabier"]
[Black "Moreno Estebanez, Patxi"]
[Result "0-1"]
[WhiteElo "1833"]
[BlackElo "2153"]
[PlyCount "58"]
[EventDate "2019.04.23"]
[EventRounds "7"]
[EventCountry "ESP"]

1. e4 c5 2. b3 Nc6 3. Bb2 e5 4. Nf3 d6 5. Bc4 Be7 6. Nc3 Nf6 7. d3 O-O 8. O-O
a6 9. a4 Rb8 10. h3 h6 11. Re1 Bd7 12. Nd5 Nxd5 13. Bxd5 Nb4 14. a5 Nxd5 15.
exd5 f5 16. Qd2 Rc8 17. Nxe5 dxe5 18. Bxe5 Bf6 19. f4 Kh7 20. c4 g5 21. d4 gxf4
22. Qxf4 cxd4 23. Qxd4 Bxe5 24. Rxe5 Rf7 25. Qb6 Qh4 26. Rae1 Rg8 27. Qxb7
Rxg2+ 28. Kxg2 Rg7+ 29. Kf3 Qxh3+  0-1

[Event "CAMPEONATO DE EUSKADI JUVENIL / EIBAR -2019"]
[Site "CENTRO UNIVERSITARIO DE EIBAR"]
[Date "2019.04.24"]
[Round "2"]
[Board "2"]
[White "Toledo Sanz, Imanol"]
[Black "Malon Insausti, Andres"]
[Result "1-0"]
[WhiteElo "2142"]
[BlackElo "1854"]
[PlyCount "67"]
[EventDate "2019.04.23"]
[EventRounds "7"]
[EventCountry "ESP"]

1. Nf3 Nf6 2. b3 d5 3. Bb2 c6 4. g3 Bf5 5. Bg2 Qd6 6. d4 g6 7. O-O Bg7 8. c4
O-O 9. Nbd2 Re8 10. Nh4 e6 11. h3 h5 12. Nhf3 Nfd7 13. Rc1 e5 14. dxe5 Nxe5 15.
Nxe5 Bxe5 16. Bxe5 Qxe5 17. cxd5 cxd5 18. Nf3 Qxe2 19. Qxe2 Rxe2 20. Nd4 Rxa2
21. Nxf5 gxf5 22. Rc8+ Kg7 23. Bxd5 Nd7 24. Rxa8 Nb6 25. Bxb7 Nxa8 26. Bxa8 Rb2
27. Bd5 Ra2 28. Rc1 Rd2 29. Bc4 h4 30. gxh4 f4 31. Kg2 Ra2 32. Rd1 Kg6 33. Rd6+
f6 34. Ra6  1-0

[Event "CAMPEONATO DE EUSKADI JUVENIL / EIBAR -2019"]
[Site "CENTRO UNIVERSITARIO DE EIBAR"]
[Date "2019.04.24"]
[Round "2"]
[Board "3"]
[White "Elexpe Garcia, Aritz Eder"]
[Black "Tafall Villanueva, Ander"]
[Result "1-0"]
[WhiteElo "1800"]
[BlackElo "1954"]
[PlyCount "91"]
[EventDate "2019.04.23"]
[EventRounds "7"]
[EventCountry "ESP"]

1. e4 e5 2. Nf3 Nc6 3. Bb5 Nd4 4. Nxd4 exd4 5. c3 Qg5 6. Bf1 Bc5 7. g3 Qe7 8.
Bg2 Nf6 9. O-O O-O 10. d3 d6 11. h3 h6 12. Nd2 Be6 13. Kh2 Nd7 14. g4 Ne5 15.
Nf3 Nxf3+ 16. Qxf3 Bd7 17. Qg3 dxc3 18. bxc3 Qe5 19. d4 Qxg3+ 20. Kxg3 Bb6 21.
Rb1 Rfe8 22. Re1 Bc6 23. f3 a5 24. Bf1 a4 25. Ba3 Ba5 26. Rec1 Bb6 27. Bxd6
Bxd4 28. cxd4 cxd6 29. d5 Bd7 30. Rxb7 Bc8 31. Rb6 h5 32. Bb5 Rf8 33. Rxd6 Rb8
34. Bxa4 hxg4 35. hxg4 Rb2 36. Bb3 g5 37. Rdc6 Bd7 38. R6c2 Rxc2 39. Rxc2 Kg7
40. Rc7 Bb5 41. d6 Kg6 42. a4 Bd3 43. d7 Rd8 44. Rc6+ Kg7 45. Rd6 Bf1 46. Kf2
 1-0

[Event "CAMPEONATO DE EUSKADI JUVENIL / EIBAR -2019"]
[Site "CENTRO UNIVERSITARIO DE EIBAR"]
[Date "2019.04.24"]
[Round "2"]
[Board "4"]
[White "De Las Heras Figueroa, Rodrigo"]
[Black "Pereira Lopez, Aketza"]
[Result "1/2-1/2"]
[WhiteElo "1918"]
[BlackElo "1810"]
[PlyCount "89"]
[EventDate "2019.04.23"]
[EventRounds "7"]
[EventCountry "ESP"]

1. d4 g6 2. Nf3 Bg7 3. c4 Nf6 4. g3 O-O 5. Bg2 d6 6. O-O Nbd7 7. Nc3 c5 8. d5
Ng4 9. Qc2 Nge5 10. Nd2 Qa5 11. h3 Nb6 12. Nce4 Qa6 13. Rd1 Nbxc4 14. Nxc4 Nxc4
15. e3 Ne5 16. a4 b6 17. Bd2 Qb7 18. Bc3 a6 19. f4 Nd7 20. Ng5 b5 21. Bxg7 Kxg7
22. Ne6+ fxe6 23. dxe6 Qb8 24. Bxa8 Nb6 25. Bd5 Nxd5 26. Rxd5 Bxe6 27. Rd2 Bxh3
28. Rh2 Be6 29. Qe4 Rf6 30. g4 d5 31. Qc2 Qb6 32. axb5 axb5 33. g5 Rf8 34. Kg2
Bf5 35. Qd2 Be4+ 36. Kg3 b4 37. b3 c4 38. bxc4 dxc4 39. Ra6 Qxa6 40. Qd4+ Kg8
41. Qxe4 Rf7 42. Rc2 c3 43. Qxb4 Qd6 44. Qxd6 exd6 45. Rxc3 {...}  1/2-1/2

[Event "CAMPEONATO DE EUSKADI JUVENIL / EIBAR -2019"]
[Site "CENTRO UNIVERSITARIO DE EIBAR"]
[Date "2019.04.24"]
[Round "2"]
[Board "5"]
[White "Zoco Gallardo, Ignacio"]
[Black "Palomo Tamayo, Jose Maria"]
[Result "1-0"]
[WhiteElo "1771"]
[BlackElo "1369"]
[PlyCount "81"]
[EventDate "2019.04.23"]
[EventRounds "7"]
[EventCountry "ESP"]

1. d4 f5 2. Nc3 Nf6 3. Bg5 d5 4. Bxf6 exf6 5. e3 Be6 6. Bd3 Qd7 7. Qf3 Nc6 8.
a3 Ne7 9. Nge2 O-O-O 10. O-O-O Kb8 11. Nf4 Bf7 12. h3 Nc8 13. g4 fxg4 14. hxg4
g6 15. Nxg6 Bxg6 16. Bxg6 Nb6 17. Bd3 Qc6 18. Bb5 Qe6 19. Na4 a6 20. Nc5 Qd6
21. Bd3 Qc6 22. Nb3 Na4 23. Rxh7 Bxa3 24. bxa3 Qc3 25. Rdh1 Rxh7 26. Rxh7 Qb2+
27. Kd2 Qc3+ 28. Ke2 Rf8 29. Bf5 Re8 30. Kf1 Qb2 31. Bd3 Re6 32. Rh6 Qxa3 33.
Rxf6 Re7 34. g5 Nb2 35. Nc5 Rg7 36. Rf8+ Ka7 37. Ra8+ Kxa8 38. Qf8+ Ka7 39.
Qxg7 a5 40. Qxc7 Qb4 41. Ba6  1-0

[Event "CAMPEONATO DE EUSKADI JUVENIL / EIBAR -2019"]
[Site "CENTRO UNIVERSITARIO DE EIBAR"]
[Date "2019.04.24"]
[Round "2"]
[Board "6"]
[White "Nichei, Anatoli"]
[Black "Pomares Munoz, Ruben"]
[Result "0-1"]
[WhiteElo "1463"]
[BlackElo "1662"]
[PlyCount "138"]
[EventDate "2019.04.23"]
[EventRounds "7"]
[EventCountry "ESP"]

1. e4 c6 2. d4 d5 3. exd5 cxd5 4. Bd3 Nc6 5. c3 Nf6 6. Bf4 Bg4 7. f3 Bh5 8. Ne2
e6 9. Nd2 Be7 10. Qb3 Qd7 11. Bg5 Bg6 12. c4 Bxd3 13. Qxd3 h6 14. Bh4 Rd8 15.
Nb3 dxc4 16. Qxc4 Qd5 17. Rc1 Qxc4 18. Rxc4 Nd5 19. Bxe7 Kxe7 20. Kd2 Rd6 21.
Rhc1 Nb6 22. Rc5 Rhd8 23. Kd3 Kf8 24. Na5 Nxa5 25. Rxa5 a6 26. Rc7 R6d7 27.
Rxd7 Rxd7 28. Ke4 Ke7 29. b3 Nd5 30. Ra4 Rc7 31. Rc4 Kd7 32. Rxc7+ Kxc7 33. a4
Kd6 34. h4 b5 35. axb5 axb5 36. g3 g5 37. hxg5 hxg5 38. g4 f6 39. f4 b4 40.
fxg5 fxg5 41. Kd3 Nf6 42. Ng3 Kd5 43. Nh5 Nxg4 44. Ng7 Nf6 45. Ke3 g4 46. Kf4
Kd6 47. Kg5 g3 48. Kxf6 g2 49. Ne8+ Kd5 50. Nc7+ Kxd4 51. Nxe6+ Kc3 52. Nf4
g1=R 53. Ne2+ Kxb3 54. Nxg1 Kc2 55. Nf3 Kc3 56. Ke5 b3 57. Nd4 b2 58. Ne2+ Kd2
59. Nd4 b1=Q 60. Nf3+ Ke3 61. Ng5 Qb5+ 62. Kf6 Kf4 63. Ne6+ Kg4 64. Kf7 Qd7+
65. Kf6 Qd6 66. Kf7 Kf5 67. Ng7+ Ke5 68. Kg8 Qe7 69. Kh8 Qf7  0-1

[Event "CAMPEONATO DE EUSKADI JUVENIL / EIBAR -2019"]
[Site "CENTRO UNIVERSITARIO DE EIBAR"]
[Date "2019.04.24"]
[Round "2"]
[Board "7"]
[White "Berasategui Morillo, Alberto"]
[Black "Ruiz Bonito, Imanol"]
[Result "1-0"]
[WhiteElo "1646"]
[BlackElo "1202"]
[PlyCount "63"]
[EventDate "2019.04.23"]
[EventRounds "7"]
[EventCountry "ESP"]

1. e4 e5 2. Nf3 Nc6 3. d4 exd4 4. Nxd4 Nf6 5. Nxc6 bxc6 6. e5 Ne4 7. Bc4 d5 8.
exd6 Qxd6 9. Qf3 f5 10. O-O Be6 11. Bxe6 Qxe6 12. Re1 Bb4 13. Bd2 Bxd2 14. Nxd2
O-O 15. Nxe4 fxe4 16. Qxe4 Qxe4 17. Rxe4 Rfe8 18. Rxe8+ Rxe8 19. Kf1 Kf7 20.
Rd1 Ke6 21. Re1+ Kd7 22. Rxe8 Kxe8 23. Ke2 Kd7 24. Ke3 Ke6 25. Ke4 g6 26. g4 h6
27. f4 Kf6 28. f5 h5 29. h3 h4 30. fxg6 Kxg6 31. Kf4 Kf6 32. g5+  1-0

[Event "CAMPEONATO DE EUSKADI JUVENIL / EIBAR -2019"]
[Site "CENTRO UNIVERSITARIO DE EIBAR"]
[Date "2019.04.24"]
[Round "2"]
[Board "8"]
[White "Apellaniz Perez, Estibaliz"]
[Black "Duo Iruretagoyena, Aitor"]
[Result "1-0"]
[WhiteElo "1359"]
[BlackElo "1507"]
[PlyCount "130"]
[EventDate "2019.04.23"]
[EventRounds "7"]
[EventCountry "ESP"]

1. Nf3 Nf6 2. c4 e6 3. Nc3 Be7 4. e3 b6 5. Be2 Bb7 6. b3 c5 7. Bb2 d6 8. Qc2
O-O 9. h4 d5 10. cxd5 exd5 11. d4 Nc6 12. O-O Rc8 13. Rfd1 Nb4 14. Qf5 g6 15.
Qh3 Re8 16. Ne5 Bf8 17. h5 cxd4 18. exd4 Nc2 19. Rac1 Nxd4 20. hxg6 hxg6 21.
Rxd4 Rxe5 22. Rh4 Bg7 23. Bf3 Rc7 24. Rd1 Qc8 {?} 25. Ne2 Rd7 26. Nd4 Qe8 27.
Bc3 Ne4 28. Bb4 Ng5 29. Qg3 Nxf3+ 30. Qxf3 Re4 31. Rxe4 Qxe4 32. Qc3 f5 33. Qd2
Kh7 34. Ba3 Bf6 35. Bb2 Kg7 36. Re1 Qh4 37. Ne6+ Kf7 38. Nd4 Re7 39. Rd1 Bg5
40. Qd3 Qe4 41. Qc3 Bf6 42. Qd2 Bxd4 43. Bxd4 Qe2 44. Qxe2 Rxe2 45. a3 Ra2 46.
a4 Ke6 47. f4 Ba6 48. Kh2 Rc2 49. Kh3 Be2 50. Re1 Kd6 51. Kh4 Bh5 52. Kg3 Rd2
53. Be5+ Kc5 54. Rc1+ Kb4 55. Bc3+ Kxb3 56. Bxd2 Kxa4 57. Ra1+ Kb3 58. Rxa7 Kc2
59. Be3 Kc3 60. Bxb6 d4 61. Rd7 d3 62. Ba5+ Kc2 63. Kf2 Be2 64. Kg3 Kc1 65. Kh4
Bh5  1-0

[Event "CAMPEONATO DE EUSKADI JUVENIL / EIBAR -2019"]
[Site "CENTRO UNIVERSITARIO DE EIBAR"]
[Date "2019.04.24"]
[Round "3"]
[Board "1"]
[White "Moreno Estebanez, Patxi"]
[Black "Toledo Sanz, Imanol"]
[Result "1/2-1/2"]
[WhiteElo "2153"]
[BlackElo "2142"]
[PlyCount "84"]
[EventDate "2019.04.23"]
[EventRounds "7"]
[EventCountry "ESP"]

1. d4 Nf6 2. Bg5 c5 3. d5 d6 4. Nc3 g6 5. e4 Bg7 6. Qd2 a6 7. a4 Qa5 8. f3 h6
9. Be3 b5 10. Nb1 b4 11. Ne2 Nbd7 12. Nc1 Ne5 13. Nb3 Qc7 14. Be2 a5 15. c4 e6
16. Nc1 exd5 17. exd5 Qe7 18. O-O Ba6 19. b3 Neg4 20. Bf4 Nh5 21. fxg4 Nxf4 22.
Ra2 Bd4+ 23. Kh1 Be3 24. Qc2 O-O 25. Nd3 Nxe2 26. Qxe2 Rae8 27. Re1 Qg5 28. Qf3
Bc8 29. h3 f5 30. Rae2 fxg4 31. Qg3 Bf5 32. Rxe3 Rxe3 33. Rxe3 Bxd3 34. Rxd3
Qc1+ 35. Kh2 Rf1 36. Qe3 Qxb1 37. hxg4 Re1 38. Qf3 Rh1+ 39. Kg3 Qe1+ 40. Qf2
Qe5+ 41. Qf4 Qe1+ 42. Qf2 Qe5+  1/2-1/2

[Event "CAMPEONATO DE EUSKADI JUVENIL / EIBAR -2019"]
[Site "CENTRO UNIVERSITARIO DE EIBAR"]
[Date "2019.04.24"]
[Round "3"]
[Board "2"]
[White "Pereira Lopez, Aketza"]
[Black "Elexpe Garcia, Aritz Eder"]
[Result "0-1"]
[WhiteElo "1810"]
[BlackElo "1800"]
[PlyCount "53"]
[EventDate "2019.04.23"]
[EventRounds "7"]
[EventCountry "ESP"]

1. e4 c5 2. Nc3 Nc6 3. g3 g6 4. Bg2 Bg7 5. d3 d6 6. Nge2 Nf6 7. O-O O-O 8. h3
Rb8 9. a4 a6 10. f4 b5 11. e5 dxe5 12. Bxc6 Bxh3 13. Bg2 Bxg2 14. Kxg2 b4 15.
Ne4 Qd5 16. c4 Qd7 17. Qc2 exf4 18. Nxf4 e5 19. Nh3 Nh5 20. Kh2 f5 21. Neg5 h6
22. Nf3 g5 23. Nd2 g4 24. Nf2 Nxg3 25. Kxg3 f4+ 26. Kh4 Bf6+ 27. Kh5  0-1

[Event "CAMPEONATO DE EUSKADI JUVENIL / EIBAR -2019"]
[Site "CENTRO UNIVERSITARIO DE EIBAR"]
[Date "2019.04.24"]
[Round "3"]
[Board "3"]
[White "Tafall Villanueva, Ander"]
[Black "De Las Heras Figueroa, Rodrigo"]
[Result "0-1"]
[WhiteElo "1954"]
[BlackElo "1918"]
[PlyCount "72"]
[EventDate "2019.04.23"]
[EventRounds "7"]
[EventCountry "ESP"]

1. e4 c6 2. d4 d5 3. exd5 cxd5 4. c4 Nf6 5. Nc3 e6 6. c5 Be7 7. Nf3 b6 8. b4 a5
9. Na4 Nbd7 10. a3 Qc7 11. Bg5 O-O 12. Bb5 bxc5 13. bxc5 Rb8 14. Bxd7 Bxd7 15.
Nb6 Bb5 16. a4 Ba6 17. Qc1 Rxb6 18. cxb6 Bb4+ 19. Bd2 Qxb6 20. Qb1 Ne4 21. Bxb4
axb4 22. Qb2 Rc8 23. Rc1 Rxc1+ 24. Qxc1 b3 25. Qb2 Qb4+ 26. Nd2 Bc4 27. f3 Nc3
28. Kf2 Nxa4 29. Qc1 b2 30. Qe1 Ba2 31. Nb1 Qxd4+ 32. Kg3 g5 33. h4 Bxb1 34.
hxg5 Bg6 35. Qa5 b1=Q 36. Rh4 Qb8+  0-1

[Event "CAMPEONATO DE EUSKADI JUVENIL / EIBAR -2019"]
[Site "CENTRO UNIVERSITARIO DE EIBAR"]
[Date "2019.04.24"]
[Round "3"]
[Board "4"]
[White "Malon Insausti, Andres"]
[Black "Berasategui Morillo, Alberto"]
[Result "1-0"]
[WhiteElo "1854"]
[BlackElo "1646"]
[PlyCount "77"]
[EventDate "2019.04.23"]
[EventRounds "7"]
[EventCountry "ESP"]

1. Nf3 e6 2. c4 f5 3. g3 Nf6 4. Bg2 d5 5. O-O c6 6. b3 Bd6 7. Bb2 O-O 8. d3
Nbd7 9. e3 e5 10. Nc3 e4 11. Ne1 Qe7 12. cxd5 cxd5 13. Rc1 Ne5 14. dxe4 dxe4
15. a3 Be6 16. Nb5 Rfd8 17. Qc2 Rac8 18. Qb1 Rxc1 19. Bxc1 a6 20. Nd4 Bc8 21.
b4 Kh8 22. Qb3 b5 23. f4 Nc4 24. Nc6 Qc7 25. Nxd8 Qxd8 26. Nc2 Bb7 27. Rd1 Qb6
28. Nd4 g6 29. Bf1 Bd5 30. Qc3 Kg7 31. Nxf5+ Kf7 32. Bxc4 bxc4 33. Nxd6+ Qxd6
34. Qxc4 Bxc4 35. Rxd6 Ke7 36. Rb6 Be6 37. Bb2 Nd5 38. Rb7+ Kd6 39. Bd4  1-0

[Event "CAMPEONATO DE EUSKADI JUVENIL / EIBAR -2019"]
[Site "CENTRO UNIVERSITARIO DE EIBAR"]
[Date "2019.04.24"]
[Round "3"]
[Board "5"]
[White "Pomares Munoz, Ruben"]
[Black "Martin Ibisate, Xabier"]
[Result "1-0"]
[WhiteElo "1662"]
[BlackElo "1833"]
[PlyCount "75"]
[EventDate "2019.04.23"]
[EventRounds "7"]
[EventCountry "ESP"]

1. e4 c5 2. Nc3 e6 3. f4 d5 4. Nf3 d4 5. Nb1 Nf6 6. Bb5+ Bd7 7. Bxd7+ Qxd7 8.
d3 Nc6 9. Na3 Be7 10. O-O O-O 11. Qe1 Rfe8 12. Qg3 a6 13. Nc4 Qc7 14. Bd2 Nd7
15. Rae1 f6 16. Bc1 b5 17. Na3 Nb4 18. Qh3 Nf8 19. Bd2 Nxa2 20. e5 f5 21. g4
fxg4 22. Qxg4 Qd7 23. Re2 Ng6 24. Rg2 Bf8 25. Ng5 Nh8 26. Ne4 Ng6 27. Ng5 Nb4
28. Qh5 h6 29. Ne4 Qf7 30. Qxg6 Qxg6 31. Rxg6 Kh7 32. Rg2 Nd5 33. Nb1 a5 34.
Na3 Rad8 35. f5 exf5 36. Rxf5 Ne7 37. Rf7 Ng6 38. Nf6+  1-0

[Event "CAMPEONATO DE EUSKADI JUVENIL / EIBAR -2019"]
[Site "CENTRO UNIVERSITARIO DE EIBAR"]
[Date "2019.04.24"]
[Round "3"]
[Board "6"]
[White "Apellaniz Perez, Estibaliz"]
[Black "Zoco Gallardo, Ignacio"]
[Result "0-1"]
[WhiteElo "1359"]
[BlackElo "1771"]
[PlyCount "56"]
[EventDate "2019.04.23"]
[EventRounds "7"]
[EventCountry "ESP"]

1. Nf3 Nf6 2. c4 e6 3. Nc3 b6 4. g3 Bb7 5. Bg2 Be7 6. O-O O-O 7. b3 d6 8. d4
Nbd7 9. Bb2 c5 10. d5 exd5 11. cxd5 a6 12. Rc1 b5 13. Ne1 Nb6 14. e4 Nfd7 15.
Ne2 Re8 16. Nf4 Bf6 17. Qd2 a5 18. Nh5 a4 19. Nxf6+ Nxf6 20. Qd3 b4 21. Nc2 Ba6
22. Qe3 Bxf1 23. Kxf1 Nbxd5 24. Qg5 Nc3 25. Qf5 Qc8 26. Qf4 Qa6+ 27. Kg1 Ne2+
28. Kh1 Nxf4  0-1

[Event "CAMPEONATO DE EUSKADI JUVENIL / EIBAR -2019"]
[Site "CENTRO UNIVERSITARIO DE EIBAR"]
[Date "2019.04.24"]
[Round "3"]
[Board "7"]
[White "Duo Iruretagoyena, Aitor"]
[Black "Palomo Tamayo, Jose Maria"]
[Result "0-1"]
[WhiteElo "1507"]
[BlackElo "1369"]
[PlyCount "62"]
[EventDate "2019.04.23"]
[EventRounds "7"]
[EventCountry "ESP"]

1. d4 f5 2. g3 e6 3. Bg2 d5 4. Nf3 Nf6 5. Bf4 Nbd7 6. O-O c6 7. Nbd2 Ne4 8. c4
Be7 9. a3 O-O 10. Qc2 Ndf6 11. b4 Nh5 12. c5 Nxf4 13. gxf4 Rf6 14. Ne5 Nxd2 15.
Qxd2 Rh6 16. a4 g5 17. b5 gxf4 18. Qxf4 Bg5 19. Qg3 f4 20. Qb3 Bf6 21. bxc6
bxc6 22. Nxc6 Qc7 23. Nb4 f3 24. h3 fxg2 25. Kxg2 Bxd4 26. Rac1 Rb8 27. Nxd5
Bb7 28. c6 Bxc6 29. Rxc6 Rg6+ 30. Kh1 Qxc6 31. Qxb8+ Kg7  0-1